000 00367nam a22001217a 4500
082 _a621.3192 INT
100 _aFORDEMWALT, JAMES.N,WARNER, RAYMOND.M
_975033
245 _aINTEGRATED CIRCUITS DESIGN PRINCIPLES AND FABRICATION
260 _aNEW YORK
_bMCGRAW HILL
_c1965
300 _a385P
650 _aCIRCUITS-DESIGN PRINCIPLES AND FABRICATION
_975034
942 _cBK
999 _c580529
_d580529